A criança, a doença e o hospital (Registo nº 30191)

Detalhes MARC
000 -Etiqueta do registo
Valores 00814cam a2200301 4500
090 ## -
-- 30191
095 ## -
-- PTBN00053406
100 ## - Dados gerais de processamento
Dados gerais 20090512d1978 ek y0pory5003 ba
101 1# - Língua de publicação
-- por
-- eng
102 ## - País de publicação
-- PT
200 1# - Titulo e menção de responsabilidade
Título próprio A criança, a doença e o hospital
Primeira menção de responsabilidade Thesi Bergmann
Outras menções de responsabilidade colab. Ana Freud
205 ## - Menção da edição
Edição 1a ed
210 ## - Publicação
Local de publicação Lisboa
Nome do editor Moraes,
Data de publicação 1978
215 ## - Descrição física 
Paginação / Volumes 169, [9] p.
Dimensões 24 cm
225 2# - Colecção 
Título próprio da colecção Psicologia e Pedagogia
304 ## - Nota relativa ao título
Texto de nota Tít. orig.: Children in the hospital
675 ## - CDU
Notação 159.92
Edição BN
Língua por
675 ## - CDU
Notação 616
Edição BN
Língua por
675 ## - CDU
Notação 364.65
Edição BN
Língua por
700 #1 - Autor principal (pessoa individual)
Apelido Bergmann,
Nome Thesi
702 #1 - Autor secundário (pessoa individual)
Apelido Freud,
Nome Anna,
Datas 1895-1982
-- 070
702 #1 - Autor secundário (pessoa individual)
Apelido Soares,
Nome Catarina Monge
-- 730
801 #0 - Fonte de origem
País PT
Agência BN
Regras de catalogação RPC
930 ## -
-- BECRE
998 ## -
-- ESES1 - 00283
990 ## - Elementos KOHA
Tipo de documento Livro
995 ## - Localização e informação dos exemplares
-- 18
Exemplares
Situação do levantamento Estado Biblioteca de origem Biblioteca de empréstimo Código de barras Cota Permissão de empréstimo Tipo de documento
  Completo Biblioteca da Escola Básica e Secundária Dr Isidoro de Sousa Biblioteca da Escola Básica e Secundária Dr Isidoro de Sousa 1749EV 159.9 PED Disponível Livro




Powered by Koha